000 00460nam a22001817a 4500
003 CEME
005 20210628202505.0
008 210122b xxu||||| |||| 00| 0 eng d
020 _a81-7319-525-0
040 _c.
082 _a620.3 DUK
100 _aDukkipati, Rao .V
_958012
245 _aVibration analysis
260 _aNEW DELHI
_bNAROSA
_c2004
300 _aXIV,1003 P
650 _aMECHANICAL VIBRATION.VIBRATION ANALYSIS
_960130
942 _cBK
_2ddc
999 _c569939
_d569939